El acto de gobierno: un análisis en los ordenamientos francés y español

Salvato in:
Dettagli Bibliografici
Autore principale: Garrido Cuenca, Nuria (Autore)
Natura: Libro
Lingua:spagnolo
Pubblicazione: Barcelona Cedecs 1998
Edizione:1a. ed
Serie:Derecho Administrativo
Soggetti:
Tags: Aggiungi Tag
Nessun Tag, puoi essere il primo ad aggiungerne!!

MARC

LEADER 00000cam a2200000 a 4500
001 UCC9925
003 CL-VaPUC
005 20210313002117.0
008 191122e19980000sp spa d
020 |a 8495027208 
082 0 4 |a 342.06  |b GAR  |2 21 
100 1 |a Garrido Cuenca, Nuria  |e author  |9 605226 
245 1 3 |a El acto de gobierno: un análisis en los ordenamientos francés y español 
250 |a 1a. ed 
260 |a Barcelona  |b Cedecs  |c 1998 
300 |a 756 p 
490 0 |a Derecho Administrativo 
583 |a last modification  |c 20191122 12:01:00  |k Rodrigo Vera 
650 0 0 |a Derecho administrativo  |9 254851 
650 0 0 |a Fuentes del derecho   |9 255162 
942 |c BK 
945 |a dcastane  |d 20191122 12:01:00 
999 |c 376212  |d 376210 
952 |0 0  |1 0  |3 erb  |4 0  |6 342_060000000000000_GAR_1998  |7 0  |8 A  |9 495518  |a BIBDER  |b BIBDER  |e Precht Pizarro, Jorge Enrique  |i 5610605  |l 3  |o 342.06 GAR 1998  |p 5610605  |r 2023-01-25  |s 2021-10-11  |w 2020-01-06  |y BK  |z Catalogado en:20191122  |k DER